LIBRARY & INFORMATION CENTRE, KCAET, TAVANUR

ONLINE PUBLIC ACCESS CATALOGUE (OPAC)

A Text book of engineering physics / (Record no. 12242)

MARC details
000 -LEADER
fixed length control field 00409cam a2200157ua 4500
003 - CONTROL NUMBER IDENTIFIER
control field OSt
008 - FIXED-LENGTH DATA ELEMENTS--GENERAL INFORMATION
fixed length control field 241226b |||||||| |||| 00| 0 eng d
020 ## - INTERNATIONAL STANDARD BOOK NUMBER
ISBN 9788121908177
082 ## - DEWEY DECIMAL CLASSIFICATION NUMBER
Classification number 530
Item number AVA/TE
100 ## - MAIN ENTRY--AUTHOR NAME
Personal name Avadhanulu, M.N .
245 ## - TITLE STATEMENT
Title A Text book of engineering physics /
260 ## - PUBLICATION, DISTRIBUTION, ETC. (IMPRINT)
Place of publication New Delhi :
Name of publisher S.Chand and Co ,
Year of publication 2014
300 ## - PHYSICAL DESCRIPTION
Number of Pages 1189
700 1# - ADDED ENTRY--PERSONAL NAME
Personal name Kshirsagar, P.G .
942 ## - ADDED ENTRY ELEMENTS (KOHA)
Koha item type Books
Holdings
Withdrawn status Lost status Damaged status Home library Current library Date acquired Full call number Accession Number Koha item type Collection code Shelving location Source of acquisition Cost, normal purchase price
      KAUAET KAUAET 07/04/2012 530 AVA/TE 20918 Books        
      KAUAET KAUAET 31/03/2012 530 AVA/TE 22795 Books Non-fiction General Stacks Penta Book Distributors, Calicut 375.00
      KAUAET KAUAET 17/06/2016 530 AVA/TE 24767 Books   General Stacks Padma Book house, Palakkkad 540.00
free website counter